[Event "Titled Tuesday intern op 7th April"]
[Site "Chess.com INT"]
[Date "2020.04.07"]
[Round "4"]
[White "Atanasov, Anthony"]
[Black "Trammelant, Simon"]
[Result "0-1"]
[WhiteElo "2205"]
[BlackElo "2445"]
[PlyCount "58"]
[EventDate "2020.04.07"]
[EventType "swiss (blitz)"]
[EventRounds "10"]
[EventCountry "USA"]
[SourceTitle "EXT 2021"]
[Source "ChessBase"]
[SourceDate "2020.10.23"]
[SourceVersion "1"]
[SourceVersionDate "2020.10.23"]
[SourceQuality "1"]

1. d4 Nf6 2. Bf4 e6 3. e3 d5 4. Nf3 Be7 5. Nbd2 0-0 6. Bd3 c5 7. c3 Nc6 8. h4 Bd6 9. Ne5 Ne8 10. Ndf3 f5 11. Ng5 Nf6 12. Qf3 cxd4 13. exd4 Qc7 14. Qg3 Nh5 15. Qf3 Nxf4 16. Qxf4 Nxe5 17. dxe5 Bxe5 18. Qf3 Bxc3+ 19. bxc3 Qxc3+ 20. Ke2 Qb2+ 21. Ke3 f4+ 22. Qxf4 Rxf4 23. Bxh7+ Kf8 24. Kxf4 Qxf2+ 25. Nf3 e5+ 26. Kxe5 Qe3+ 27. Kd6 Bg4 28. Ne5 Rd8+ 29. Kc7 Qb6# 0-1

[Event "Titled Tuesday intern op 3rd April"]
[Site "Chess.com INT"]
[Date "2018.04.03"]
[Round "5"]
[White "Tomb, Maroun"]
[Black "Trammelant, Simon"]
[Result "1-0"]
[WhiteElo "2182"]
[BlackElo "2402"]
[PlyCount "75"]
[EventDate "2018.04.03"]
[EventType "swiss (blitz)"]
[EventRounds "10"]
[EventCountry "USA"]
[SourceTitle "EXT 2021"]
[Source "ChessBase"]
[SourceDate "2020.10.23"]
[SourceVersion "1"]
[SourceVersionDate "2020.10.23"]
[SourceQuality "1"]

1. e4 c5 2. Ne2 Nc6 3. Nbc3 g6 4. d4 cxd4 5. Nxd4 Bg7 6. Nde2 Nf6 7. g3 0-0 8. Bg2 Rb8 9. a4 a6 10. 0-0 b5 11. axb5 axb5 12. Nd5 Nxd5 13. exd5 Ne5 14. Ra2 d6 15. b3 Bg4 16. f3 Bd7 17. Be3 Ra8 18. Rxa8 Qxa8 19. h3 Bc8 20. f4 Nd7 21. Nd4 Bxd4 22. Bxd4 Bb7 23. Bb2 Nf6 24. Re1 Bxd5 25. Bxf6 Bxg2 26. Bxe7 Bxh3 27. Qd2 Re8 28. Kh2 Qb7 29. Kxh3 Rxe7 30. Rxe7 Qxe7 31. Qd3 b4 32. Kh2 Qe6 33. Qb5 Qe4 34. Qb8+ Kg7 35. Qc7 d5 36. Qc5 h5 37. Kg1 Kf6 38. Qd6+ 1-0

[Event "Titled Tuesday intern op 2nd Jan"]
[Site "Chess.com INT"]
[Date "2018.01.02"]
[Round "4"]
[White "Trammelant, Simon"]
[Black "Sharapov, Evgeny"]
[Result "1/2-1/2"]
[WhiteElo "2357"]
[BlackElo "2368"]
[PlyCount "97"]
[EventDate "2018.01.02"]
[EventType "swiss (blitz)"]
[EventRounds "10"]
[EventCountry "USA"]
[SourceTitle "EXT 2021"]
[Source "ChessBase"]
[SourceDate "2020.10.23"]
[SourceVersion "1"]
[SourceVersionDate "2020.10.23"]
[SourceQuality "1"]

1. e4 c5 2. Nf3 d6 3. d4 cxd4 4. Nxd4 Nf6 5. f3 e6 6. c4 Be7 7. Nc3 0-0 8. Be3 Nbd7 9. Be2 d5 10. cxd5 exd5 11. exd5 Nb6 12. 0-0 Nfxd5 13. Nxd5 Nxd5 14. Bf2 Bf6 15. Bc4 Nb6 16. Bb3 Bd7 17. Rc1 Rc8 18. Rxc8 Qxc8 19. Qc1 Ba4 20. Re1 Bxb3 21. axb3 Qxc1 22. Rxc1 Rc8 23. Rxc8+ Nxc8 24. Kf1 a6 25. Ke2 Kf8 26. Kd3 Ke7 27. b4 g6 28. b3 Kd7 29. b5 axb5 30. Nxb5 Nd6 31. Nxd6 Kxd6 32. Kc4 Kc6 33. h3 b5+ 34. Kb4 Be7+ 35. Ka5 Bd8+ 36. Ka6 h5 37. Be3 Be7 38. Ka5 Bd6 39. Bf2 Bc7+ 40. Kb4 f5 41. Kc3 Bd6 42. Kd3 Kd5 43. Bd4 Be7 44. Bf2 Bd6 45. Be1 Be7 46. Bd2 Bd6 47. Be1 Be7 48. Bd2 Bd6 49. Be1 1/2-1/2

[Event "Titled Tuesday intern op 24th Febr"]
[Site "Chess.com INT"]
[Date "2015.02.24"]
[Round "2"]
[White "Trammelant, Simon"]
[Black "Rosen, Eric S"]
[Result "0-1"]
[WhiteElo "2369"]
[BlackElo "2299"]
[PlyCount "62"]
[EventDate "2015.02.24"]
[EventType "swiss (blitz)"]
[EventRounds "9"]
[EventCountry "USA"]
[SourceTitle "EXT 2021"]
[Source "ChessBase"]
[SourceDate "2020.10.23"]
[SourceVersion "1"]
[SourceVersionDate "2020.10.23"]
[SourceQuality "1"]

1. e4 c5 2. Nf3 e6 3. d4 cxd4 4. Nxd4 Nc6 5. Nc3 Qc7 6. g3 a6 7. Bg2 h5 8. h4 Nf6 9. 0-0 Bc5 10. Nb3 Ba7 11. Bg5 Qxg3 12. Qf3 Qxf3 13. Bxf3 Ne5 14. Bg2 b5 15. Rad1 Bb7 16. Na5 Bc8 17. Bf4 Nfg4 18. Kh1 Bb6 19. Nb3 f6 20. Bxe5 fxe5 21. Rd2 Rf8 22. f3 Ne3 23. Re1 Rf4 24. Kh2 Rxh4+ 25. Kg3 Rf4 26. Rh1 g6 27. Ne2 h4+ 28. Kh3 Rf7 29. f4 exf4 30. Bf3 e5 31. Kxh4 Bd8+ 0-1